Vývojové teórie informačných systémov.

Prehľad najznámejších vývojových teórií informačných systémov. Základná charakteristika Nolanovho modelu vývojových štádií a teórie asimilačných fáz informačných technológií autorov McKennya a McFarlana. Popis adaptácie Nolanovho modelu na éru využívania počítačov finálnym užívateľom. Význam vývojov...

Descrizione completa

Salvato in:
Dettagli Bibliografici
Autore principale: Rabenseifer, A.
Natura: Capitolo di libro
Lingua:slovacco
Soggetti:
Tags: Aggiungi Tag
Nessun Tag, puoi essere il primo ad aggiungerne!!

MARC

LEADER 00000naa a2200000 4500
001 r002192
005 20220819181235.3
041 0 |a slo 
044 |a [CS] 
245 1 0 |a Vývojové teórie informačných systémov.  |c A. Rabenseifer 
520 |a Prehľad najznámejších vývojových teórií informačných systémov. Základná charakteristika Nolanovho modelu vývojových štádií a teórie asimilačných fáz informačných technológií autorov McKennya a McFarlana. Popis adaptácie Nolanovho modelu na éru využívania počítačov finálnym užívateľom. Význam vývojových teórií pre poznanie a prax. 
610 2 0 |a systémy informačné 
610 2 0 |a vývoj systémov 
610 2 0 |a teória systémov informačných 
610 2 0 |a využitie počítačov 
610 2 0 |a modely 
610 2 0 |a teórie systémové 
610 2 0 |a technológie informačné 
100 1 |a Rabenseifer, A.